| 000 | 00644cam a2200181 a 4500 | ||
|---|---|---|---|
| 020 | _a089006525X (alk. paper) | ||
| 082 | 0 | 0 |
_a388.0973 _bMCQ _cN-01, P-467. |
| 100 | 1 |
_aMcQueen, Bob. _938482 |
|
| 245 | 1 | 0 |
_aIntelligent transportation systems architectures / _cBob McQueen, Judy McQueen. |
| 260 |
_aBoston : _bArtech House, _cc1999. |
||
| 300 |
_axxxiii, 467 p. : _bill. ; _c24 cm. |
||
| 526 |
_a0 _b0 _c0 _d388_097300000000000_MCQ |
||
| 650 | 0 |
_aIntelligent transportation systems _zUnited States. _922368 |
|
| 650 | 0 |
_aMCE _9379 |
|
| 650 | 0 |
_aTransportation _zUnited States _xPlanning. _921431 |
|
| 700 | 1 |
_aMcQueen, Judy. _938483 |
|
| 942 |
_2ddc _cBK |
||
| 999 |
_c543107 _d543107 |
||